| 000 | 00000nam##2200000za#4500 |
| 001 | 9.696242 |
| 003 | CaOODSP |
| 005 | 20240809205106 |
| 007 | cr ||||||||||| |
| 008 | 150407|2011||||xxc|||||o f|0| 0 eng|d |
| 040 | |aCaOODSP|beng |
| 043 | |an-cn--- |
| 086 | 1 |aH128-1/11-646E-PDF |
| 110 | 1 |aCanada. |bHealth Canada. |bHealthy Environments and Consumer Safety Branch. |
| 245 | 10|aHealth facilities preparation for extreme heat : |h[electronic resource]|brecommendations for retirement and care facility managers |
| 260 | |aOttawa - Ontario : |bHealth Canada. |c[2011]. |
| 300 | |a2p. |
| 500 | |aThe catalogue number (H128-1/11-646E) and ISBN (978-1-100-18178-3) for the print edition have been incorrectly copied in this electronic publication. |
| 590 | |a12-22|b2012-06-01 |
| 690 | 07|aHealth care facilities|2gcpds |
| 690 | 07|aWeather|2gcpds |
| 775 | 08|tPréparation des installations de santé en vue d'une chaleur accablante : |w(CaOODSP)9.640365 |
| 776 | 0#|tHealth facilities preparation for extreme heat : |w(CaOODSP)9.652248 |
| 794 | |tHealth facilities preparation for extreme heat : |w(CaOODSP)9.941717 |
| 856 | 40|ahttp://publications.gc.ca|qPDF|s300 KB|uhttps://publications.gc.ca/collections/collection_2012/sc-hc/H128-1-11-646-eng.pdf |
| 986 | |aHC Pub.: 110067 |